000 00480nam a22001817a 4500
999 _c4168
_d4168
003 GBCCL
005 20241126110512.0
008 180116b xxu||||| |||| 00| 0 eng d
040 _cgbc
082 _aVER 228.07
_bNEN
100 _aNengzachin
_97261
245 _aKilakna hilhchetna /
_cNengzachin
260 _bThe Manipuri Christian Convention
260 _c1961
300 _a68 p.;
_c18 cm.
650 _aBible
_vNew Testament
_vRevelation
_xCommentary
_97926
942 _2ddc
_cBK